000 00463nam a2200157 4500
001 145441
003 ES-MaACL
005 20230906201231.0
007 t|
008 070214s1923 gw r ||||1| ger d
100 1 _aSpengler, Oswald.
_9107694
245 1 0 _aDer untergang der abendlaudts umrisse einer morphologie der welsgeschichte /
_cOswald Spengler.
260 _aMünchen :
_bOskar Beck,
_c1923.
300 _a2 v. ;
_c24 cm.
852 _aES-MaACL
_jG-174-5
999 _c145441
_d145441